Sam Shepard and Irish theatre interchange, influence and intertextual links /

Elmentve itt :
Bibliográfiai részletek
Szerző: Kurdi Mária
Dokumentumtípus: Cikk
Megjelent: 2017
Sorozat:Americana : E-Journal of American Studies in Hungary 13 No. 1
Kulcsszavak:Sam Shepard, Színházi élet - Írország, Színházi élet - USA
Online Access:http://acta.bibl.u-szeged.hu/56743
LEADER 00697nab a2200169 i 4500
001 acta56743
005 20260224081030.0
008 190124s2017 hu o 000 hun d
022 |a 1787-4637 
040 |a SZTE Egyetemi Kiadványok Repozitórium  |b hun 
041 |a hun 
100 1 |a Kurdi Mária 
245 1 0 |a Sam Shepard and Irish theatre   |h [elektronikus dokumentum] :  |b interchange, influence and intertextual links /  |c  Kurdi Mária 
260 |c 2017 
490 0 |a Americana : E-Journal of American Studies in Hungary  |v 13 No. 1 
695 |a Sam Shepard, Színházi élet - Írország, Színházi élet - USA 
856 4 0 |u http://acta.bibl.u-szeged.hu/56743/2/americana_013_001_007/kurdi.html  |z Dokumentum-elérés